000 00594nam a22001937a 4500
003 0
005 20250905154054.0
008 250905b xxu||||| |||| 00| 0 eng d
020 _a979-8-89161-604-2
050 _aGV 713
_b.C65 2025
100 _aCollins, Bob,
_eauthor.
245 _aSports management /
_cBob Collins /
260 _aJersey City, USA :
_bAlexis Press,
_c2025.
300 _ax, 332 pages :
_bcolored illustrations ;
_c27 cm.
504 _aIncludes bibliographical references and index.
650 _aSports
_xManagement.
650 _aSports administration.
942 _2lcc
_cBK
999 _c367789
_d367789